000 00448nam a2200181Ia 4500
001 19835
005 20260306172722.0
008 260306t2011||||xx |||||||||||||| ||spa||
041 _aESP
082 _a341.11
_bM27
100 _aMassini Correas, Carlos Ignasio
_eAUT
245 0 _aTeoría del derecho y derechos humanos
260 _c2011
300 _a285 páginas :
_c24 cm.
650 _aGEN
654 _aCDE
942 _cLIB
_dJUS
_fJUS
_2ddc
_n
999 _c19835
_d19835